| 000 | 00619nam a22001817a 4500 | ||
|---|---|---|---|
| 999 |
_c192223 _d192223 |
||
| 005 | 20220919105445.0 | ||
| 010 | _aB-745518 | ||
| 020 |
_a978390697335 _c250.00 |
||
| 035 | _aB-745518 | ||
| 037 | _bPharos Books | ||
| 100 | _aLang, Andrew | ||
| 245 |
_aThe Red Fairy Book/ _cAndrew Lang |
||
| 260 |
_aEast Delhi _bPharos Books _c2021 |
||
| 270 |
_aPlot No. -55, Main Mother Dairy Road Pandav Nagar, East Delhi _bEast Delhi _e110092 _k011-403958555 _msales@pharosbooks.in |
||
| 300 |
_a376p. _c21cm(pbk) |
||
| 942 |
_2ddc _cEN _mLAN _hS |
||